[Event "Match 72__120'/40"]
[Site "Zurich"]
[Date "2022.??.??"]
[Round "12"]
[White "Mephisto MM II"]
[Black "CXG Sphinx Legend"]
[Result "1/2-1/2"]
[WhiteElo "1815"]
[BlackElo "1816"]
[Annotator "KUT"]
[PlyCount "155"]
[EventDate "2022.??.??"]

{[%evp 0,155,28,-5,22,22,23,23,23,10,10,13,20,-36,-36,-32,73,71,59,51,51,49,68,58,53,22,21,-29,-29,-34,-34,-34,-32,-32,-34,-43,12,-13,-19,-12,19,16,17,-37,34,-28,-20,-24,-6,-24,-17,-13,-15,-13,0,-22,-22,-18,-9,-24,-22,-52,-34,-34,-28,-32,-29,-96,-114,-117,-115,-105,-88,-94,-95,-130,-130,-131,-121,-163,-138,-135,-99,-94,-102,-126,-77,-77,-79,-81,-80,-99,-97,-101,-95,-97,-97,-101,-92,-90,-90,-95,-46,-134,-127,-138,-112,-109,-65,-64,-59,-57,-52,-52,-59,-59,0,0,72,50,1,1,1,-132,-132,-246,0,-164,-164,-291,-201,-578,-578,-664,-702,-817,-252,-282,-288,-288,0,0,0,0,0,0,0,0,0,0,0,0,0,0,0,0,0,0]} 1. c4 c5 {Match 72__120'/40 | Bediener: Rolf Bühler | 12. Partie: remis | Zwischenstand: 7-5 (58,3%) für Mephisto MM II | In der Englischen Symmetrie-Variante werden die Damen bereits im 9. Zug getauscht. Schwarz übernimmt dann für den Rest der Partie die Führung, aber verpasst am Ende auch seine letzte Gewinnchance mit einem falschen Königszug, was der gegnerischen Dame ein Dauerschach erlaubt. Einmal mehr zeigt sich, wie schwer die CXG Sphinx Legend sich tut, gewonnene Stellungen auch zu einem vollen Punkt zu machen.} 2. Nc3 Nf6 3. Nf3 {***ENDE BUCH***} e6 {***ENDE BUCH***} 4. e4 Nc6 5. d3 {Eine in dieser Stellung unüblich passive Fortsetzung, wo man sich die Frage stellen muss, was macht Weiss mit seinem weissfeldrigen Läufer. Aber natürlich kann sich der Anziehende einen solchen Zug leisten, ohne spürbar in Nachteil zu geraten.} (5. d4 cxd4 6. Nxd4 e5 7. Nc2 Bc5 8. Be3 d6 9. Qd2 Ng4 10. Bxc5 dxc5 11. Qxd8+ Kxd8 12. Rd1+ Nd4 13. h3 Nf6 14. f4 Ke7 15. Bd3 Nxc2+ 16. Bxc2 Be6 17. fxe5 Nd7 18. Nd5+ Bxd5 19. exd5 Nxe5 20. d6+ Ke6 21. Rf1 g6 22. Be4 f5 23. Bxb7 Rab8 24. Bd5+ Kxd6 25. Rd2 Kc7 26. Kd1 Rhe8 27. Kc2 Re7 28. Re1 Nc6 29. Rxe7+ Nxe7 30. Kc3 Rd8 31. a3 Rd7 32. b4 cxb4+ 33. axb4 Nxd5+ 34. cxd5 Kd6 35. Kc4 Rc7+ 36. Kd4 Rb7 37. Kc4 Rc7+ 38. Kd4 Rb7 39. Kc4 {½-½ (39) Kramnik,V (2753)-Anand,V (2753) Dortmund 2021}) 5... d5 6. cxd5 exd5 7. Bg5 dxe4 (7... d4 {könnte zum Remis durch Zugwiederholung führen.} 8. Nd5 Qa5+ 9. Bd2 Qd8 10. Bg5 Qa5+ 11. Bd2 Qd8 12. Bg5 Qa5+) 8. dxe4 Be7 9. Qxd8+ Bxd8 10. Bb5 Bd7 11. O-O {Leicht stärker sieht die lange Rochade aus.} a6 12. Be2 Nd4 13. Bxf6 $2 {Die freiwillige Hergabe des Läuferpaars kann man nicht gutheissen. Jedenfalls liegt nach diesem Tausch der Vorteil bei Schwarz.} Bxf6 14. e5 Nxe2+ 15. Nxe2 Be7 16. Nc3 Be6 {Auf c6 hätte mir der Läufer besser gefallen.} 17. Rfd1 Rc8 $6 {Das zeigt, dass hier kein starker Spieler am Werk ist. Ein solcher hätte sich für 17...Td8 entschieden, denn je mehr Schwerfiguren vom Brett verschwinden, desto klarer wird sich die Kraft des schwarzen Läuferpaars auswirken, was im Zusammenhang mit der schwarzen Bauernmehrheit am Damenflügel schon fast Gewinncharakter hätte.} 18. Ne4 O-O {Erneut war ...Td8 stärker.} 19. Nfg5 $1 {Damit kann sich Weiss so ziemlich konsolidieren.} Rcd8 {Ich hätte mir keine Bauernschwäche auf e6 anhängen lassen und mich für 19...Lxg5 entschieden.} (19... Bxg5 20. Nxg5 Bf5 21. Rd6 h6 22. Nf3 Rfd8 23. Rad1 Rxd6 24. Rxd6 Re8 $11 {ist ausgeglichen}) 20. Nxe6 fxe6 21. a4 Rd4 22. f3 {Lässt die Verdopplung der schwarzen Türme auf der offenen d-Linie zu und gewährt so dem Gegner einen Vorteil. Das konnte mit 23.Txd4 vermieden werden.} Rfd8 23. Re1 $2 {Das ist spürbar schwächer als der Turmtausch. Aus Sicht unserer Lieblinge jedoch völlig verständlich, denn zu tief sind ausgleichende Varianten, die zudem einen Bauerverlust für genügend Gegenspiel beinhalten.} (23. Rxd4 Rxd4 24. Kf2 Rb4 25. Rc1 Rxb2+ 26. Kg3 b6 27. Rd1 b5 28. Rd7 Kf8 29. axb5 axb5 30. Ra7 c4 31. Ra8+ Kf7 32. Ra7 Ke8 33. Ra8+ Bd8 34. Ra7 b4 35. Nd6+ Kf8 36. Rf7+ Kg8 37. Rb7 Kf8 38. Nxc4 Rb3 39. Nd6 $11) 23... Rb4 24. Re2 Rd5 25. Nc3 Rd3 26. Ne4 Kf7 27. Kf1 Rd5 {Verpasst die stärkste Fortsetzung 27...g6, gemäss unten stehender Analyse von Dragon 3.1 by Komodo Chess 64-bit.,} ({Dragon 3.1 by Komodo Chess 64-bit:} 27... b6 28. Rc2 Rd5 29. Rb1 Rxe5 30. b3 Rd5 31. Ke2 Ke8 32. g3 Kd7 33. Rc3 h6 34. Nd2 Bf6 35. Rc4 Rd4 36. Rxb4 Rxb4 37. Rc1 Kc6 38. Rc4 b5 39. axb5+ Kxb5 40. Rc1 a5 41. Kd3 Rd4+ 42. Kc2 a4 43. bxa4+ Rxa4 44. Kd3 Rd4+ 45. Ke3 Rb4 46. Kd3 Kc6 47. Nc4 Kd5 48. Ne3+ Kd6 49. Nc4+ Kc6 {[%eval -213,39]}) 28. Nc3 Rdd4 29. Ke1 Rb3 30. Rc2 Rdb4 31. Ra2 {Weiss steht zwar passiv, aber irgendwie ist nicht zu sehen, wie der Gegner spürbare Fortschritte machen könnte.} Rh4 32. h3 Rh5 33. f4 $2 {Nach diesem Vormarsch - richtig war 33.Te2 - verliert der weisse Springer sein sicheres Zentrumsfeld e4.} g5 {Nur die zweitbeste Wahl.} (33... Rb4 34. Ne2 g5 $19 {ist gar noch stärker}) 34. Rf2 Rb4 {Als besser ist 34...gxf4 einzustufen.} (34... gxf4 35. Rxf4+ Rf5 36. Re4 b6 37. Re2 Kg6 38. Ra3 Rxa3 39. bxa3 Bd8 40. Kd2 Bc7 41. Kd3 Rxe5 $19) 35. fxg5+ Ke8 36. Re2 Rxg5 37. Ra1 Rf5 38. g3 Rd4 {Stärker sind ...Kd7 und ...h5.} (38... Kd7 39. Ra3 Kc6 40. a5 Rd4 41. h4 Bd8 42. Re3 Bc7 43. Ke2 Rxe5 $19) 39. Re3 Bg5 40. Re2 Rd3 $2 {Vergibt den klaren Gewinn, der durch ...Ld8 nebst ...Lc7 möglich war.} 41. Ne4 Be7 ({Aber nicht} 41... Rxe5 42. Nd6+ Rxd6 43. Rxe5 $18 {und Weiss gewinnt}) 42. Rd2 $2 {Hier war kräftiger Widerstand möglich, aber nicht mit dem Textzug, der dem Gegner wieder eine gewonnene Stellung bescheren könnte.} (42. Rd1 Rxd1+ 43. Kxd1 Rxe5 44. g4 Kd7 45. b3 Kc6 46. Kc2 h6 47. Kd3 Bd8 48. Rf2 $17) 42... Rxd2 $2 {Der falsche Weg.} (42... Rb3 43. Re2 Rxe5 $19) 43. Kxd2 Rxe5 44. Ke3 {Nun kann der weisse König aktiv in den Kampf eingreifen.} Kd7 45. h4 Kc6 46. b3 Rd5 47. Rf1 Rf5 48. Rd1 b5 $6 (48... h5 $1 $19) 49. axb5+ axb5 50. Rc1 (50. g4 {ist besser}) 50... Kb6 $6 (50... h5 {stoppt die weissen Bauern und sichert sich so seinen grossen Vorteil.}) 51. Nd2 $2 {Stürzt von leicht schlechter in den Verlust. Weiss vergisst die Stärke seiner Bauernmehrheit am Königsflügel.} (51. g4 Re5 52. g5 $11) 51... Bf6 52. Nf3 Rd5 53. g4 h6 $6 {Deutlich stärker ist der Königsmarsch ...Ka5 nach b4.} 54. Kf4 Rd3 55. Rb1 $2 {Hier war 55.g5 notwendig.} (55. g5 Bg7 56. Re1 $11) 55... Kc6 $2 {Nur noch Ausgleich nach diesem Zug. Aber natürlich ist es unmöglich zu erkennen für unsere Oldies, dass ...Ka5 oder ...Lg7 gewinnen.} 56. g5 hxg5+ 57. hxg5 Bd4 58. g6 Kd5 59. Nxd4 e5+ 60. Kg5 exd4 61. g7 $2 {Weiss unterlässt es, das gegnerische Turmschach auf g3 mit vorerst 61.Tg1 zu verhindern. Das hätte zum Remis gereicht.} (61. Rg1 Re3 62. g7 Re8 63. Kf6 c4 64. bxc4+ bxc4 65. g8=Q+ Rxg8 66. Rxg8 d3 67. Rd8+ Ke4 68. Re8+ Kd4 69. Rd8+ Kc3 70. Ke5 Kc2 71. Ke4 d2 72. Ke3 c3 73. Ke2 Kc1 74. Rd6 Kc2 $11) 61... Rg3+ 62. Kh6 Kd6 63. Rh1 d3 64. Kh7 c4 {Die schwarze Bauernwalze ist nicht aufzuhalten. Schwarz kann gar die gegnerische Umwandlung zulassen und seinen Turm für die Dame geben, denn die vorgerückten Bauern gewinnen alleine gegen den weissen Turm.} 65. b4 c3 66. Rd1 c2 (66... d2 67. g8=Q Rxg8 68. Kxg8 Ke5 69. Kf7 c2 70. Rxd2 c1=Q $19) 67. g8=Q Rh3+ (67... Rxg8 68. Rxd3+ Ke5 69. Rc3 Rg2 70. Rc8 Kd4 71. Rc5 Kd3 72. Rd5+ Kc4 73. Rc5+ Kb3 74. Rc6 Kb2 $19) 68. Kg6 cxd1=Q $19 {Schwarz hat einen ganzen Turm mehr.} 69. Qb8+ {[#]} Kd7 $2 {Vermasselt im letzten Moment den Gewinn, denn nun kann die weisse Dame ein Dauerschach geben.} (69... Kd5 70. Qxb5+ Kd4 $19 {und gewinnt}) 70. Qxb5+ Kc7 71. Qc5+ Kb7 72. Qd5+ Kc8 73. Qc6+ Kd8 74. Qd6+ Ke8 75. Qe6+ Kd8 76. Qd6+ Ke8 77. Qe6+ Kd8 78. Qd6+ {***3x REMIS***} 1/2-1/2

[Event "Match 72__120'/40"]
[Site "Zurich"]
[Date "2022.??.??"]
[Round "13"]
[White "CXG Sphinx Legend"]
[Black "Mephisto MM II"]
[Result "0-1"]
[WhiteElo "1816"]
[BlackElo "1815"]
[Annotator "KUT"]
[PlyCount "113"]
[EventDate "2022.??.??"]

{[%evp 0,113,25,14,89,61,61,61,78,59,111,95,95,95,101,101,101,96,96,72,72,72,85,2,21,-3,-3,-1,22,22,10,10,70,88,95,6,21,21,34,15,42,33,17,16,33,33,27,-50,-50,-50,-60,-73,-33,-76,-53,-57,-18,-44,-20,-42,-1,-42,-20,-34,-11,-63,-30,-49,-22,-33,-34,-44,-18,-34,-15,10,44,25,35,88,103,101,188,10,1,0,-3,-83,0,-13,-41,-43,-38,-38,-36,-36,-38,-956,-1040,-29119,-29972,-29973,-29974,-29975,-29976,-29977,-28130,-29977,-29978,-29979,-29980,-29981,-29982,-29983,-29984,-29995]} 1. d4 {Match 120'/40+60'/20+30' | Bediener: Rolf Bühler | 13. Partie: Schwarz (MM II) gewinnt. | Zwischenstand: 8-5 (61,5%) für Mephisto MM II | Mit seiner Holländischen Verteidigung hätte der Mephisto MM II wegen seiner unkonventionellen Spielweise mit Entwicklungsrückstand böse unter die Räder kommen können. Das ungarische Programm von Gyula Horvath kann seine Chancen nicht nutzen. Aber auch weitere Fehler des Mephisto MM II werden nicht bestraft. Trotzdem gibt es für Weiss nach dem 40. Zug verschiedene Gewinnzüge im Endspiel. Doch begräbt die CXG Sphinx Legend mit 42.Td6? alle Hoffnungen auf einen Sieg. Es sollte aber noch schlimmer kommen, denn drei Züge später begeht gar Weiss einen entscheidenden Fehler, kann dank gütiger Mithilfe des Gegners aber wieder entschlüpfen. Statt sich über diese Rettung zu freuen, begeht Weiss (CXG) mit 48.g4? den letzten Fehler, gerät in ein Mattnetz und sieht sich gezwungen, einen ganzen Turm zu opfern. Der Mephisto MM II bedankt sich für das unverhoffte Geschenk und holt mit Leichtigkeit den Sieg.} f5 {***ENDE BUCH***} 2. g3 {***ENDE BUCH***} d5 {Aus heutiger Sicht kaum zu glauben, dass der Mephisto MM II schon im zweiten Zug von seiner Eröffnungsbibliothek im Stich gelassen wird.} 3. Nf3 c5 $2 {Statt eine Stonewall-Formation mit ...Sf6, ...e6 und ...c6 anzustreben, lässt sich Schwarz auf ein angenommenes Damengambit im Nachzug und dem dabei bereits erfolgten ungünstigen Bauernzug ...f5 ein.} (3... e6 4. c4 c6 5. Nc3 Nf6 $14 {usw.}) 4. dxc5 Qa5+ (4... e6 $16 {ist natürlicher, als die Dame für die Rückeroberung des c5-Bauern einzusetzen.}) 5. c3 $18 Qxc5 6. Bg2 {Weiss steht bereits klar besser.} Nc6 {Ungenau und lediglich der schwarzen Dame einen günstigen Rückzug versperrend.} 7. b4 {gut} Qd6 8. b5 (8. Bf4 {ist eine Spur stärker}) 8... Na5 9. Bf4 {Entwicklung mit Tempo} Qc5 $6 {Ungenau, denn auf d8 wäre die Dame sinnvoller aufgehoben. Aber wir haben hier eine Stellung, die das Können der alten Schachcomputer bei weitem überfordert. Der Entwicklungsvorsprung von Weiss ist die wichtigste Komponente und das sollte durch die weitere Entwicklung der weissen Figuren gefördert werden, selbst wenn dabei noch ein Bauer sein Leben lassen muss. Jeder weitere Bauernschnapp des Gegners würde bestimmt zur Katastrophe führen. Es ist nicht verwunderlich, dass die Top Engines diese Stellung bereits als gewinnträchtig für Weiss einstufen mit Bewertungen von über +2.00 Bauerneinheiten.} 10. Qa4 $6 {Bleibt auch so noch im Vorteil. Aber es geht viel stärker.} (10. O-O $1 Qxb5 $2 {richtig ist einzig 10...e6, wenn Schwarz nicht rasch untergehen will.} 11. c4 $3 dxc4 (11... Nxc4 12. Nc3 Qa5 13. Nxd5 $18) (11... Qxc4 12. Ne5 Qa6 13. Nc3 e6 14. Qa4+ {und gewinnt}) 12. Nc3 Qc5 (12... Qd7 13. Nd5 $18) 13. Be3 Qc6 14. Ne5 Qe6 15. Bf4 Nc6 16. Nd5 $18 {und gewinnt}) 10... Nc4 11. Qb3 $2 {Weiss trödelt herum, statt durch 11.0-0 die Entwicklung fortzusetzen mit noch immer spürbarem Vorteil. Es ist deshalb nur gerecht, dass Schwarz nun ausgleichen könnte.} Bd7 $6 {Aber Schwarz greift daneben. Nach 11...Sf6 hätte er ohne Sorgen leben können.} (11... Nf6 $15) 12. a4 {Exakter 12.Sbd2 mit Entwicklung.} Nf6 13. O-O (13. Ne5 $14 {ist genauer, denn es geht um das Feld e5.}) 13... e6 $2 {Eine klare Ungenauigkeit, denn mit 13...Sg4, was ...e5 droht, kann Schwarz ausgleichen.} 14. Nbd2 $16 Nxd2 $6 {Und hier ist 14...Tc8 genauer.} 15. Nxd2 Bd6 $2 {Verlustzug anstelle von 15...Tc8.} 16. Be3 $1 $18 Qc7 17. b6 {Schade, mit 17.c4! gelangt Weiss auf den Siegerpfad.} (17. c4 $18 f4 18. Bd4 Be5 19. Bxe5 Qxe5 20. Qa3 Rc8 21. Nf3 $18 {und Schwarz steht miserabel.}) 17... axb6 $16 18. Bxb6 Qb8 {...Dc6 ist genauer.} 19. c4 $18 Ne4 20. Nxe4 {Eine gute Alternative ist 20.Lxe4.} (20. Bxe4 dxe4 21. c5 Be7 22. a5 $16) 20... dxe4 21. Rfd1 O-O 22. c5 Be5 23. Ra2 $2 {Dass Weiss die beste Fortsetzung nicht findet ist - da zu tief - verständlich.} (23. Rxd7 Bxa1 24. Qxe6+ Kh8 25. Bc7 Qe8 26. Qd5 Rxa4 27. Rd8 Qe7 28. Qd7 Qxd8 29. Bxd8 Rd4 30. Qxb7 Rdxd8 31. h4 {und auch wenn Weiss klar besser steht mit exzellenten Gewinnchancen, wäre die Sache zwischen 2 Oldies noch lange nicht klar.}) 23... Qe8 $11 24. a5 Bc6 25. Ra3 $2 {Weiss sollte dem gegnerischen Vorstoss ...f4 selbst mit f4 begegnen.} Bd5 $6 {Durch 25...f4! hätte sich Schwarz der Initiative bemächtigt.} 26. Qb4 (26. Rxd5 $5 {war eine interessante Option} exd5 27. Qxd5+ Rf7 28. e3 $11) 26... Qf7 27. e3 {Nicht zu tadeln, aber im Hinblick auf einen schwarzen Angriff mit ...g5, verdient 27.f4 den Vorzug.} Qf6 (27... g5 $5 {wäre die Wahl von ambitionierten Spielern.} 28. f4 exf3 29. Rxd5 $13 {mit ungewissem Ausgang.}) 28. Rd2 Qe7 {Erneut stand die Option 28...g5 offen.} 29. Qb5 {Da der weissfeldrige Läufer nur wenig tut, war es ein Versuch wert, mit 29.Lf1 gefolgt von Lc4 die Aktivität dieser Figur zu erhöhen.} Bc7 30. Ra1 Qf6 {Angriff auf den Ta1.} 31. Rc1 Be5 $2 (31... Bc6 $14 {ist vorsichtiger}) 32. Rdc2 $6 {Geht an einer guten Chance, beginnend mit 32.Txd5 vorbei.} (32. Rxd5 $1 $18 exd5 33. c6 bxc6 34. Rxc6 Qf7 35. Rc5 Qe8 36. Qb3 Qf7 37. Bf1 $16 {und die weisse Stellung ist bedeutend angenehmer zu spielen.}) 32... Rfc8 {Erneut war ...Lc6 vorsichtiger, dieses Mal, um den lästigen weissen Bauernvorstoss nach c6 zu verhindern.} 33. Qb4 $6 {Hier war 33.c6 interessant mit formidablen Gewinnchancen.} (33. c6 $1 $18 bxc6 34. Rxc6 Bxc6 35. Rxc6 Re8 36. Bf1 g5 37. a6 f4 38. Qc4 $18) 33... Bc7 (33... Bc6 $1 $11) (33... h5 $1 $11) 34. Bxc7 (34. Bf1 $16) 34... Rxc7 $11 35. Rd1 Rac8 36. Rdc1 e5 $2 {Das aber ist falsch, verliert nun doch der Läufer seinen wichtigen Stützpunkt d5.} (36... h5 $11) 37. Rd2 $1 Qf7 $2 {Ungünstiger als ...Lc6 oder ...Le6, denn Weiss könnte nun eine überwältigende Stellung erhalten.} 38. Bh3 $2 {Gut genug für Vorteil, aber 38.Lf1! würde gewinnen.} (38. Bf1 $142 {Droht Txd5 Dxd5, Lc4 mit Damengewinn.} Be6 39. Rd6 Kh8 40. Qb6 Re7 41. c6 bxc6 42. Rcxc6 Rxc6 43. Qxc6 g6 44. a6 Kg7 45. a7 Rxa7 46. Rxe6 $18) 38... Rd7 $2 {Stolpert wieder klar in den Verlust. Mehr Widerstand leistet ...g6.} 39. Rcd1 $18 Rcd8 40. Qb6 $6 (40. Bf1 $18 {ist wesentlich stärker, bzw. tödlich.} Be6 41. c6 bxc6 42. Rxd7 Rxd7 43. Rxd7 Qxd7 44. a6 $18) 40... Qe6 $6 41. Qxe6+ {Schon gibt es verschiedene Wege zum weissen Sieg.} Bxe6 $18 {[#]} 42. Rd6 $2 {Wirft auf einen Schlag den Gewinn mit dem Abtausch aller Türme weg. Keine Frage: Das war unmöglich zu erkennen für unsere beiden Oldies.} (42. Rxd7 $1 $18 Rxd7 43. Rxd7 Bxd7 44. Bf1 $1 Kf8 45. Bc4 Bc6 46. Kf1 Ke7 47. Ke2 g5 48. Kd2 f4 49. Kc3 Kd7 50. gxf4 gxf4 51. Bg8 h6 52. Kc4 Kc8 53. Bd5 Kc7 54. Bxc6 Kxc6 55. Kb4 h5 56. h4 Kd7 57. Kb5 Kc7 58. c6 $3 bxc6+ 59. Kc5 Kb7 60. Kd6 f3 61. Kc5 Ka6 62. Kxc6 Kxa5 63. Kd5 Kb4 64. Kxe5 Kc5 65. Kxe4 $18) 42... Kf8 $11 43. Rb1 $15 {Exakter der Generalabtausch auf d7.} Ke7 44. Rdb6 {Danach geht der Vorteil gar an Schwarz über. Ausgleich war mit Tbb6 oder Txe6 oder Lf1 zu haben.} Rd1+ 45. Rxd1 $2 {Es ist wie verhext. Nach so vielen bereits verpassten Gewinnchancen in dieser schwierigen Partie, verliert Weiss nicht nur den Faden, sondern lässt zu, dass der Gegner gewinnen könnte.} (45. Kg2 $1 $11) 45... Rxd1+ $19 46. Kg2 {[#]} Bc4 $2 {Aber auch Schwarz ist nicht auf der Höhe und verzichtet auf 46...g5 mit Gewinn.} (46... g5 {Gegen ...g4 mit Eroberung des weissen Läufers gibt es kein Rezept, z.B.} 47. Rxb7+ Kf6 48. Rxh7 g4 49. Bxg4 fxg4 50. Rh6+ Kf7 51. h4 gxh3+ 52. Kh2 Rc1 53. c6 Rxc6 54. g4 Ra6 55. Kg3 Rxa5 56. Rxh3 Ra8 57. Rh5 Kf6 58. g5+ Kf5 59. g6+ Kf6 $1 60. Rh1 Kxg6 $19) 47. Rxb7+ Kd8 {Die schlimme (Matt-)Drohung ...Lf1+ lässt sich nun einzig mit 48.f4 parieren.} {[#]} 48. g4 $2 {Welche Tragödie für die CXG Sphinx Legend. Selbstverständlich ist die Remisvariante viel zu lang. Allerdings ist der Zug 48.f4!= erzwungen, denn nach 48.g4 f4! befindet sich der weisse König in einem Mattnetz.} (48. f4 exf3+ 49. Kxf3 Bd5+ 50. Ke2 Rh1 $1 51. Rb6 Rxh2+ 52. Ke1 Rxh3 53. Rd6+ Kc7 54. Rxd5 Rxg3 55. Rxe5 g6 $11) 48... f4 {Droht Matt durch ...Lf1+, Kg1 Lxh3#} 49. exf4 exf4 50. Rb8+ Kc7 51. Rc8+ Kxc8 52. g5+ Kb7 53. Bg4 Bf1+ 54. Kh1 Be2+ 55. Kg2 Bxg4 56. a6+ Kxa6 57. g6 {***AUFGEGEBEN***} 0-1